Introducción a la teoría general de la administración / (Registro nro. 24806)

Detalles MARC
000 -LEADER
fixed length control field 01353cam a2200337 a 4500
003 - CONTROL NUMBER IDENTIFIER
control field CO-CtgCURN
005 - DATE AND TIME OF LATEST TRANSACTION
control field 20260407175001.0
008 - FIXED-LENGTH DATA ELEMENTS--GENERAL INFORMATION
fixed length control field 051121s2019 ck gr 001 0 spaxd
015 ## - NATIONAL BIBLIOGRAPHY NUMBER
National bibliography number ck-2004-xxxx
020 ## - INTERNATIONAL STANDARD BOOK NUMBER
International Standard Book Number 9781456269821
020 ## - INTERNATIONAL STANDARD BOOK NUMBER
International Standard Book Number 1456269828
040 ## - CATALOGING SOURCE
Original cataloging agency CO-CtgCURN
Language of cataloging spa
Transcribing agency coctgcurn
041 1# - LANGUAGE CODE
Language code of text/sound track or separate title spa
082 04 - DEWEY DECIMAL CLASSIFICATION NUMBER
Classification number 658.4
Item number C532 2019
Edition information 23
100 1# - MAIN ENTRY--PERSONAL NAME
Personal name Chiavenato, Idalberto,
Dates associated with a name 1929-
245 10 - TITLE STATEMENT
Title Introducción a la teoría general de la administración /
Statement of responsibility, etc. traducción, Carmén Leonor de la Fuente Chavéz, Elizabeth Lidia Montaño Serrano.
250 ## - EDITION STATEMENT
Edition statement Septima edicion.
260 ## - PUBLICATION, DISTRIBUTION, ETC.
Place of publication, distribution, etc. Mexico :
Name of publisher, distributor, etc. McGraw-Hill,
Date of publication, distribution, etc. 2019.
300 ## - PHYSICAL DESCRIPTION
Extent xxiv, 386 paginas.
500 ## - GENERAL NOTE
General note Incluye bibliografía e Indice onomástico y analítico al final del texto.
590 ## - LOCAL NOTE (RLIN)
Local note Gerencia en salud I (Medicina)
590 ## - LOCAL NOTE (RLIN)
Local note Administración de los Servicios de Salud (Enfermería)
590 ## - LOCAL NOTE (RLIN)
Local note Gerencia en salud II (Medicina)
590 ## - LOCAL NOTE (RLIN)
Local note Administración en salud I (Medicina)
590 ## - LOCAL NOTE (RLIN)
Local note Administración en salud II (Medicina)
650 14 - SUBJECT ADDED ENTRY--TOPICAL TERM
Topical term or geographic name entry element Administración de empresas
Form subdivision Fundamentos.
700 1# - ADDED ENTRY--PERSONAL NAME
Personal name Fuentes Chávez, Carmen Leonor de la,
Relator term traductor.
700 1# - ADDED ENTRY--PERSONAL NAME
Personal name Montaño Serrano, Elizabeth Lidia,
Relator term traductor.
942 ## - ADDED ENTRY ELEMENTS (KOHA)
Institution code [OBSOLETE] BK
Koha item type Libros
Classification part 658.4
Item part C532 2019
Source of classification or shelving scheme Dewey Decimal Classification
Existencias
Withdrawn status Lost status Source of classification or shelving scheme Damaged status Not for loan Collection Home library Current library Shelving location Date acquired Inventory number Total checkouts Full call number Barcode Date last seen Price effective from Koha item type Public note
    Dewey Decimal Classification     General Miguel Henríquez Castañeda Miguel Henríquez Castañeda General 10/10/2019 022980   658.4 C532 2019 022980 03/31/2025 03/31/2025 Libros 650-ADMINS